MDQL
is popping MORE tags! Check the
thread
!
Quizzes
Events
Quiz Creation
Community
Videos
Private Events
Remove Ads
Sign In
Join for FREE
Feedback
Dark Mode
Quiz Categories
Sports
Geography
Music
Movies
Television
Just For Fun
Miscellaneous
History
Literature
Language
Science
Gaming
Entertainment
Religion
Holiday
For Kids
Quiz Lab
Recent
Popular Today
Quiz Kudos Today
Editor Picks
Curator Picks
Quizzes by...
Day
Popularity
Type
Ratings
Length
Year
Community
Subscriptions
Recent Discussions
Orange Saloon
Badges
Playlists
Quests
Create
Leaderboards
Showdown
Live 5
Trivia Bingo
Activity
Puzzle Library
Sporcle Events
Private Events
Virtual Trivia
Globe League
Become a Host
Pub Owners
SporcleCon
Opinionation
Our Games
Videos
Blog
Mobile Apps
Partnerships
Remove Ads and Go Orange
Feedback
Language
Vocabulary
Begins and Ends
Definition
Spanish
French
German
Italian
Chinese
Latin
Translation
Japanese
Language
Vocabulary
Begins and Ends
Definition
Spanish
French
German
Italian
Chinese
Latin
Translation
Japanese
Random Quiz
Search Sporcle
×
Quiz Lab
Quiz Lab
Language
Vocabulary
Type in answers that appear in a list
Type in answers that appear in a list
Classic
Best Score? Go Orange.
Junior Vocabulary List 6 Stats
Can you name the 50 words on the sixth vocabulary list?
By
PatSon
10m
50 Questions
2 Plays
2 Plays
2 Plays
Comments
Comments
Give Quiz Kudos
Give Quiz Kudos
-
- Ratings
hide this ad
Replay
Link that replays current quiz
Next Quiz
Link to next quiz in quiz playlist
You Got
0%
They Got
Avg Score
2%
Avg Friend Score
Upgrade to see
Score Distribution
Jump to the score distribution portion of the page
Score
0/50
Timer
10:00
0
Plays Today
Definition
Word
% Correct
(adj.) strongly stating an opinion without evidence
dogmatic
50%
(n.) coercion; force
duress
50%
(adj.) 1) instructive. 2) moralistic
didactic
0%
(adj.) 1) truly shy, as opposed to DEMURE. 2) lacking confidence.
diffident
0%
(adj.) delaying; tardy
dilatory
0%
(n.) a perplexing situation involving a choice between two equally undesirable choices.
dilemma
0%
(n.) an amateur or dabbler in the arts.
dilettante
0%
(n.) a funeral song
dirge
0%
(adj.) having keen insight; ASSIDUOUS; ASTUTE; COGNIZANT of the fine points of a subject.
discerning
0%
(n.) disappointment; embarrassment; confusion; frustration
discomfiture
0%
(n.) disagreement; lack of harmony
discord
0%
(adj.) rambling from one subject to another; CIRCUMLOCUTORY; DESULTORY
discursive
0%
(v.) to belittle; DEPRECATE; DERIDE
disparage
0%
(adj.) completely different.
disparate
0%
(v.) to disperse; scatter; distribute
disseminate
0%
(n.) inequality
disparity
0%
(adj.) dissipated; morally corrupt
dissolute
0%
(adj.) absent-
minded; inattentive to detail
distrait
0%
(adj.) bewildered or perplexed, usually due to grief
distraught
0%
(adj.) daily; occuring in the daytime
diurnal
0%
(adj.) to disclose; to make known
divulge
0%
(adj.) submissive, showing DEFERENCE; easy to teach or EDIFY; aquiescent; AMENDABLE; COMPLAISANT
docile
0%
(n.) trivial or worthless poetry
doggerel
0%
(adj.) sad; mournful (said of a person)
doleful
0%
(adj.) sad; mournful (never a person)
dolorous
0%
Definition
Word
% Correct
(adj.) monotonous, dull
drab
0%
(adj.) extreme in effect; dire
drastic
0%
(adj.) 1) comical. 2) amusingly odd; BALMY
droll
0%
(adj.) doubtful; AMBIGUOUS; APOCRYPHAL
dubious
0%
(n.) sullen resentment or anger
dudgeon
0%
(adj.) 1) sweet to the taste. 2) pleasant sounding
dulcet
0%
(n.) deception; double dealing
duplicity
0%
(adj.) energetic; AVID; COGENT; EFFICIOUS.
dynamic
0%
(n.) bubbling over; outburst of spirit
ebullition
0%
(n.) 1) brilliant achievement or conspicuous success. 2) great acclaim; ACCOLADES; ADULATION
éclat
0%
(n.) a poem about rural areas and people
eclogue
0%
(v.) to enlighten; to instruct morally
edify
0%
(adj.) no longer productive; worn out; decadent
effete
0%
(adj.) able to produce an effect; potent; COGENT; DYNAMIC
efficacious
0%
(n.) a sculptured or pictured image of someone; a dummy
effigy
0%
(n.) boldness; ARROGANCE
effrontery
0%
(adj.) outstandingly bad
eregious
0%
(v.) to exclaim; cry out
ejaculate
0%
(v.) to draw forth
elicit
0%
(adj.) thin; atrophied; CADAVEROUS
emaciated
0%
(v.) to issue forth from
emanate
0%
(v.) to steal when in a position of trust
embezzle
0%
1) (n.) a softener or moisturizer. 2) (adj.) soothing
emollient
0%
(n.) payment for services; salary
emolument
0%
(adj.) resulting from experience or experiment
empirical
0%
Quiz Playlist
Details
Report
Send in Message
Add To Playlist
Classic:
Type in answers that appear in a list
Last Updated: Feb 16, 2017
Quiz Scoreboard
CHALLENGE
Sign Up to Join the Scoreboard
Show All
Scores
Hide
Comments
May contain spoilers
Recently Published
Holiday 10x10 Sorting Gallery
by lukepisani3
Holiday
15m
Two Season TV Shows II
by 123Four
Television
10m
Image Sorting: Flags VI
by Barbecue
Geography
2m
More to Explore
Quiz From the Vault
Featured Blog Post
14 Easter Pick-up Lines to Find Eggs With
hide this ad
You Might Also Like...
Tags
Vocabulary Quiz
English
SAT
Today's Top Quizzes in Language
Browse Language
hide this ad
Today's Top Quizzes in Vocabulary
Browse Vocabulary
Top Contributed Quizzes in Language
1
What Word Starts All?
2
1-10 Letter F Words III
3
Weisst du, aus welchen Sprachen diese Wörter stammen?
4
1-10 Letter G Words III
5
1-10 Letter H Words III
6
Harry Potter book 6 chapters: English & Greek
7
Arabic Numerals
8
1-10 Letter I Words III
9
One Thing in Common: Italy
10
Celtic Nations in their Language
Explore More
Trending Topics
Crossword
NBA
Anime
Harry Potter
Disney
Kpop
Marvel
Soccer
NFL
Puzzle
Song
Pokémon
Country
WWE
The Office
hide this ad
More By:
PatSon
Quiz
Plays
Rating
Category
Featured
Created
Junior Vocabulary List 5
13
5.00
Language
Dec 6, 2011
Junior Vocabulary List 7
6
Language
Feb 8, 2012
Junior Vocabulary List 4
5
5.00
Language
Nov 16, 2011
Junior Vocabulary List 12
3
Literature
Jun 3, 2012
Junior Vocabulary List 6
2
4.50
Language
Jan 4, 2012
Go to Creator's Profile
Score Distribution
Quiz Creator Spotlight
PatSon
Follow
Send a Message
Quizzes Created
-
Created Quiz Play Count
-
More By This Creator
Popular Quizzes Today
1
Find the US States - No Outlines Minefield
2
Colored Red Africa Blitz
3
Find the 'City' Movie
4
The Countries of the World
5
Find the US States
6
5x2 Blitz: Bands
7
Find the Countries of Europe - No Outlines Minefield
8
US States
More Language Quizzes
Three Letter 'S' Words
Published
Trending Quizzes
Colored Red Europe Blitz I
Colored Red Europe Blitz II
Colored Red Africa Blitz II
Colored Red Europe Blitz III
Colored Red Africa Blitz III
Recently Updated
Odd Team Out - Big 4 Players
pecheneg
Quick Pick: 20 Twenties
pecheneg
March Madness Men's Triple Doubles
pecheneg
How Do You Spell That?
pecheneg
Godzilla Movies
pecheneg
Grab Bag: 4-10 Letters
pecheneg
2024 March Madness Bracket
pecheneg
Famous TV Couples
Peacemaker
Champions League XIs: Real Madrid
pecheneg
Largest US Cities 1790-2010
pecheneg
Trending Topics
Crossword
NBA
Harry Potter
Anime
Kpop
Disney
Marvel
NFL
Soccer
Puzzle
Country
Pokémon
The Office
Song
WWE
Your Account Isn't Verified!
In order to create a playlist on Sporcle, you need to verify the email address you used during registration. Go to your
Sporcle Settings
to finish the process.
Report this User
Report this user for behavior that violates our
Community Guidelines
.
Details:
Send Report
Go to the Sporcle.com Mobile Site →
Comments